| 000 | 02021cam a22004694i 4500 | ||
|---|---|---|---|
| 003 | PE-LiUPU | ||
| 005 | 20250731173546.0 | ||
| 008 | 150616s r 000 0 d | ||
| 020 | _a0802838162 | ||
| 035 | _a(Sirsi) i9780802838162 | ||
| 040 |
_aPE-LiUPU _bspa _cPE-LiUPU _erda |
||
| 049 | _aPRUA | ||
| 082 | 0 | 4 |
_a221.6 _bF82 _221 |
| 100 | 1 |
_aFreedman, David Noel, _d1922-, _eautor. |
|
| 245 | 1 | 0 |
_aDivine Commitment and Human Obligation; Selected Writings of David Noel Freedman. _n2. |
| 264 | 1 |
_aGrand Rapids, Michigan/Cambrigde, U.K. : _bEerdmans Publishing Co., _c1997. |
|
| 300 |
_a269 páginas ; _c24 centímetros |
||
| 336 |
_atext _2rdacontent |
||
| 337 |
_aunmediated _2rdamedia |
||
| 338 |
_avolume _2rdacarrier |
||
| 504 | _aIncluye bibliografía. | ||
| 505 | 0 | _aThe pronominal suffixes of the third person singular in phoenician -- Archaic forms in early hebrew poetry -- The massoteric text and teh Qumram scrolls: A study in orthography -- A second mesha inscription -- The use of Aleph as a vowel letter in the genesis apocryphon -- The orthography of the Arad Ostraca -- Orthographic peculiarities in the book of Job -- Some observations on early hebrew -- Psalm 29: A structural analysis -- The poetic structure of the framework of Deuteronomy 33 -- Etc. | |
| 526 | _aSEG42 | ||
| 526 | _aSEG41 | ||
| 526 | _aSEG40 | ||
| 526 | _aSEG39 | ||
| 526 | _aP94 | ||
| 526 | _aP87 | ||
| 526 | _aP86 | ||
| 526 | _aP85 | ||
| 526 | _aP77 | ||
| 526 | _aP76 | ||
| 526 | _aP35 | ||
| 650 | 0 | 4 | _aPOESIA HEBREA. |
| 910 |
_ajck _bjvq _cjck |
||
| 942 |
_2ddc _cBOOK |
||
| 949 |
_a221.6 F82 2 _wDEWEY _c1 _i42778 _lCCODEBUL1 _mBUL _r0 _sY _tBOOK _u2015-6-16 _xTEOLOGIA _zUNKNOWN _0COMPRA _o.STAFF. Colección General |
||
| 994 |
_aC0 _bPEPRU |
||
| 596 | _a1 | ||
| 999 |
_a221.6 F82 2 _wDEWEY _c60742 _i42778 _f2021-11-9 _g5 _lCCODEBUL1 _mBUL _r0 _sY _tBOOK _u2015-6-16 _xTEOLOGIA _zUNKNOWN _0COMPRA _o.STAFF. Colección General _d60742 |
||
| 980 |
_81 _gALBERTO SANCHEZ Responsable de Automatización |
||